| 000 | 00890nam a2200253 i 4500 | ||
|---|---|---|---|
| 001 | bg | ||
| 245 | 0 | 0 |
_aNiezawodność autobusów / _cpod red. Anieli Gołąbek ; [aut. Zygmunt Gałdzicki i in.] ; Politechnika Wrocławska. |
| 260 |
_aWrocław : _bWydaw. PW, _c1993. |
||
| 300 |
_a301 s., [2] k. tabl. złoż. : _bfot., rys., wykr. ; _c24 cm. |
||
| 504 | _aBibliogr. s. 293-298. | ||
| 650 | 9 |
_aAutobusy _xobsługa i eksploatacja _xbadanie |
|
| 650 | 9 |
_aNiezawodność urządzeń _xbadanie _xmetody |
|
| 650 | 9 |
_aRachunek prawdopodobieństwa _xstosowanie _xtechnika |
|
| 650 | 9 |
_aStatystyka matematyczna _xstosowanie _xtechnika |
|
| 700 | 1 |
_aGOŁĄBEK, Aniela. _eRed. |
|
| 700 | 1 | _aGAŁDZICKI, Zygmunt. | |
| 020 | _a8370850561 | ||
| 040 | _cBPK | ||
| 041 | 0 | _apl | |
| 080 | _a629.114.5.004:519.2 | ||
| 920 | _a83-7085-056-1 | ||
| 942 | _cKS | ||
| 008 | s pl f |000 0 pol | ||
| 999 |
_c6766 _d6766 |
||
| 856 |
_uhttp://koha.tu.koszalin.pl/cgi-bin/koha/opac-detail.pl?biblionumber=6766 _yKatalog online BPK |
||